BLACKPINK - Albums par ordre alphabétique - Statistiques

Statistiques générales
  • Ce quiz a été pris 54 fois
    17 depuis la dernière actualisation
  • Le résultat moyen est 6 sur 7
Statistiques - réponses
Lettres Albums % Correct
B BORN PINK
93%
K KILL THIS LOVE
93%
D DEADLINE
87%
A THE ALBUM
87%
S SQUARE ONE
80%
S SQUARE UP
80%
S SQUARE TWO
73%
Aucun quiz correspondant
Distribution des résultats
% des personnes avec chaque résultat
Percentile par nombre de réponses
Votre historique - résultats
Vous n’avez pas pris ce quiz depuis la dernière actualisation